Book of stories (Record no. 25936)

000 -LEADER
fixed length control field 00486nam a22001817a 4500
001 - CONTROL NUMBER
control field 25936
003 - CONTROL NUMBER IDENTIFIER
control field BD-DhUET
008 - FIXED-LENGTH DATA ELEMENTS--GENERAL INFORMATION
fixed length control field 150517b xxu||||| |||| 00| 0 eng d
040 ## - CATALOGING SOURCE
Transcribing agency 0
Modifying agency BD-DhUET
082 ## - DEWEY DECIMAL CLASSIFICATION NUMBER
Classification number 813.54
Item number RAP/1960
100 ## - MAIN ENTRY--PERSONAL NAME
Personal name Raphael, Brother H.
245 ## - TITLE STATEMENT
Title Book of stories
Statement of responsibility, etc. by Brother H. Raphael
250 ## - EDITION STATEMENT
Edition statement 1st ed.
260 ## - PUBLICATION, DISTRIBUTION, ETC. (IMPRINT)
Place of publication, distribution, etc. New York
Name of publisher, distributor, etc. Macmillan publisher
Date of publication, distribution, etc. 1960
300 ## - PHYSICAL DESCRIPTION
Extent V , 308 p
Other physical details ill.
Dimensions 25 cm.
650 #0 - SUBJECT ADDED ENTRY--TOPICAL TERM
Topical term or geographic name as entry element American fiction , Stories
942 ## - ADDED ENTRY ELEMENTS (KOHA)
Koha item type General Book
Holdings
Price effective from Not for loan Location (home branch) Damaged status Koha item type Withdrawn status Sublocation or collection (holding branch) Date acquired Piece designation (barcode) Copy number Koha date last seen Shelving location Lost status Source of classification or shelving scheme Koha normalized classification for sorting Koha date last borrowed Koha full call number Koha issues (times borrowed)
2015-05-17 Central Library, BUET General Book Central Library, BUET2015-05-17663812022-12-11Circulation section  813_540000000000000_RAP_19602022-11-27813.54/RAP/19602